[Event "CUB-ch sf"]
[Site "Cuba"]
[Date "2000.??.??"]
[Round "?"]
[White "Nunez, Antonio"]
[Black "Fuentes, Manuel"]
[Result "0-1"]
[WhiteElo "2311"]
[BlackElo "2362"]
[PlyCount "74"]
[EventDate "2000.??.??"]
[EventType "tourn"]
[EventRounds "12"]
[EventCountry "CUB"]
[SourceTitle "EXT 2001"]
[Source "ChessBase"]
[SourceDate "2000.11.22"]
[SourceVersion "1"]
[SourceVersionDate "2000.11.22"]
[SourceQuality "1"]

1. Nf3 c5 2. e4 e6 3. d4 cxd4 4. Nxd4 a6 5. c4 Qc7 6. Nc3 Nf6 7. Bd3 h5 8. f4 Nc6 9. Nb3 Nb4 10. Be2 d6 11. a3 Nc6 12. Be3 h4 13. Rc1 Be7 14. 0-0 Bd7 15. Bf3 Na5 16. Nd2 Rc8 17. Be2 Qb8 18. b4 Nc6 19. Nb3 Bd8 20. Qd2 Ne7 21. Rcd1 Bc7 22. Bd4 Rd8 23. Qe3 Nc6 24. Bb6 Bxb6 25. Qxb6 Bc8 26. c5 Nd7 27. Qxd8+ Nxd8 28. Rxd6 b6 29. Rfd1 Nb7 30. Rc6 bxc5 31. Bxa6 0-0 32. Nb5 Qxf4 33. Nd2 Ne5 34. Rc7 Qe3+ 35. Kh1 Ng4 36. Rf1 Nf2+ 37. Rxf2 Qxf2 0-1

[Event "Havana Provincial"]
[Site "Havana"]
[Date "1999.??.??"]
[Round "?"]
[White "Fuentes, Manuel"]
[Black "Bezanilla Sanchez, Alexis"]
[Result "1-0"]
[WhiteElo "2355"]
[BlackElo "2300"]
[PlyCount "67"]
[EventDate "1999.??.??"]
[EventType "tourn"]
[EventRounds "15"]
[EventCountry "CUB"]
[SourceTitle "EXT 2000"]
[Source "ChessBase"]
[SourceDate "1999.11.16"]
[SourceVersion "1"]
[SourceVersionDate "1999.11.16"]
[SourceQuality "1"]

1. d4 g6 2. c3 Nf6 3. Nf3 Bg7 4. Bg5 0-0 5. Nbd2 d5 6. e3 c5 7. Be2 b6 8. 0-0 Bb7 9. b4 Ne4 10. Nxe4 dxe4 11. Nd2 cxd4 12. cxd4 Nd7 13. Qa4 h6 14. Bh4 g5 15. Bg3 e5 16. Nc4 exd4 17. exd4 Nf6 18. Nd6 Bc8 19. Be5 Be6 20. Rac1 a6 21. Qc2 Nd5 22. Qxe4 Nxb4 23. Bc4 Bxc4 24. Rxc4 a5 25. a3 f6 26. Bg3 Na6 27. Qe6+ Kh7 28. Qf5+ Kh8 29. Re1 Ra7 30. Rc8 Re7 31. Rec1 Qd7 32. Qd3 Nb8 33. h3 Kg8 34. Qg6 1-0

[Event "Havana Provincial sf"]
[Site "Havana"]
[Date "1999.??.??"]
[Round "?"]
[White "Fuentes, Manuel"]
[Black "Castella Garcia, Fausto"]
[Result "1-0"]
[WhiteElo "2355"]
[BlackElo "2270"]
[PlyCount "81"]
[EventDate "1999.??.??"]
[EventType "swiss"]
[EventRounds "9"]
[EventCountry "CUB"]
[SourceTitle "EXT 2001"]
[Source "ChessBase"]
[SourceDate "2000.11.22"]
[SourceVersion "1"]
[SourceVersionDate "2000.11.22"]
[SourceQuality "1"]

1. d4 Nf6 2. Nf3 g6 3. Bg5 Bg7 4. Nbd2 d5 5. e3 0-0 6. Be2 Nbd7 7. b4 Re8 8. 0-0 e5 9. c3 h6 10. Bh4 e4 11. Ne1 g5 12. Bg3 Nf8 13. c4 Ng6 14. cxd5 Nxd5 15. Bh5 Ngf4 16. Rc1 Nxh5 17. Qxh5 Bf5 18. Qe2 Bg6 19. Nc4 f6 20. h3 b6 21. b5 Qd7 22. Nd2 f5 23. Be5 Bxe5 24. dxe5 Rxe5 25. Nc2 f4 26. Nd4 Rf8 27. Rc6 Kh7 28. Nc4 Re7 29. Rc1 f3 30. Qf1 Nb4 31. Ne5 Rxe5 32. Rxc7 Re7 33. Rxd7 Rxd7 34. gxf3 Nd3 35. Rc3 Ne5 36. fxe4 Bxe4 37. Qc1 g4 38. Rc7 gxh3 39. Rxd7+ Nxd7 40. Qc7 Rf7 41. f3 1-0

[Event "Havana Provincial sf"]
[Site "Havana"]
[Date "1999.??.??"]
[Round "?"]
[White "Gonzalez, Ivan"]
[Black "Fuentes, Manuel"]
[Result "0-1"]
[WhiteElo "2232"]
[BlackElo "2355"]
[PlyCount "78"]
[EventDate "1999.??.??"]
[EventType "swiss"]
[EventRounds "9"]
[EventCountry "CUB"]
[SourceTitle "EXT 2001"]
[Source "ChessBase"]
[SourceDate "2000.11.22"]
[SourceVersion "1"]
[SourceVersionDate "2000.11.22"]
[SourceQuality "1"]

1. e4 c5 2. Nf3 e6 3. d3 Nc6 4. Nbd2 d6 5. g3 g6 6. Bg2 Bg7 7. 0-0 Nge7 8. a4 0-0 9. Re1 Rb8 10. Nc4 b6 11. c3 Bb7 12. Rb1 Qc7 13. Bg5 h6 14. Be3 Rbd8 15. Qc1 Kh7 16. b4 Ba8 17. Qa3 cxb4 18. cxb4 d5 19. Bf4 e5 20. exd5 exf4 21. dxc6 Nxc6 22. b5 Nd4 23. Re7 Qb8 24. Nce5 Nxf3+ 25. Nxf3 fxg3 26. hxg3 Bxf3 27. Bxf3 Bd4 28. Qa2 Qxg3+ 29. Bg2 Kg7 30. Qe2 Rd6 31. Re4 Qg5 32. Qg4 Bxf2+ 33. Kxf2 f5 34. Qxg5 fxe4+ 35. Ke3 hxg5 36. Bxe4 Rh8 37. Rc1 Rh3+ 38. Kd2 Kf6 39. Rc7 g4 0-1

[Event "Capablanca Memorial-C"]
[Site "Matanzas"]
[Date "1995.??.??"]
[Round "9"]
[White "Fuentes, Manuel"]
[Black "Alonso Garcia, Rene Marcial"]
[Result "0-1"]
[WhiteElo "2375"]
[BlackElo "2380"]
[PlyCount "84"]
[EventDate "1995.05.??"]
[EventType "tourn"]
[EventRounds "13"]
[EventCountry "CUB"]
[EventCategory "4"]
[SourceTitle "EXT 1997"]
[Source "ChessBase"]
[SourceDate "1996.11.15"]
[SourceVersion "1"]
[SourceVersionDate "1996.11.15"]
[SourceQuality "1"]

1. d4 g6 2. Nf3 Nf6 3. Bg5 Bg7 4. Nbd2 0-0 5. c3 d6 6. e4 c5 7. dxc5 dxc5 8. Be2 Nc6 9. 0-0 Qc7 10. Qc2 Rd8 11. Rfe1 h6 12. Bh4 Nh5 13. Nc4 g5 14. Bg3 Nxg3 15. hxg3 Bg4 16. Nh2 Be6 17. Ne3 Rd7 18. Red1 Rad8 19. Rxd7 Rxd7 20. Nhf1 a6 21. g4 Qd8 22. a4 Na5 23. Ra3 c4 24. Ra1 Nb3 25. Re1 b5 26. axb5 axb5 27. Rd1 Nc5 28. Rxd7 Qxd7 29. Ng3 Qd8 30. Bf1 Bc8 31. Ngf5 Bf8 32. Nd4 Qd7 33. f3 e6 34. b4 cxb3 35. Qb2 b4 36. Bb5 bxc3 37. Qxc3 Qb7 38. Nc4 Qa7 39. Kh2 Qa2 40. e5 Qf2 41. Nd2 Qh4+ 42. Kg1 Qe1+ 0-1

[Event "Capablanca Memorial-C"]
[Site "Matanzas"]
[Date "1995.??.??"]
[Round "10"]
[White "Rivera, Alberto"]
[Black "Fuentes, Manuel"]
[Result "0-1"]
[WhiteElo "2370"]
[BlackElo "2375"]
[PlyCount "74"]
[EventDate "1995.05.??"]
[EventType "tourn"]
[EventRounds "13"]
[EventCountry "CUB"]
[EventCategory "4"]
[SourceTitle "EXT 1997"]
[Source "ChessBase"]
[SourceDate "1996.11.15"]
[SourceVersion "1"]
[SourceVersionDate "1996.11.15"]
[SourceQuality "1"]

1. d4 Nf6 2. Nf3 g6 3. c4 Bg7 4. Nc3 0-0 5. e4 d6 6. Be2 e5 7. 0-0 Nc6 8. d5 Ne7 9. Ne1 Ne8 10. Nd3 f5 11. exf5 gxf5 12. f4 e4 13. Nf2 c5 14. g4 Kh8 15. Kh1 Bd7 16. gxf5 Bxc3 17. bxc3 Bxf5 18. Ng4 Nf6 19. Ne3 Rg8 20. Rg1 Qd7 21. Rg5 h6 22. Rg3 Rxg3 23. hxg3 Rg8 24. Qg1 Ng4 25. Bxg4 Bxg4 26. Qh2 Kh7 27. f5 Bf3+ 28. Kg1 Rg5 29. g4 Bxg4 30. Ng2 Rh5 31. Qf4 Bxf5 32. Qf2 Ng6 33. Bf4 Bg4 34. Rb1 Bf3 35. Qg3 Bxg2 36. Qxg2 Nxf4 37. Qxe4+ Ng6 0-1

[Event "CUB-ch"]
[Site "Holguin"]
[Date "1991.??.??"]
[Round "6"]
[White "Diaz Diaz, Joaquin Carlos"]
[Black "Fuentes, Manuel"]
[Result "1-0"]
[WhiteElo "2430"]
[BlackElo "2305"]
[PlyCount "106"]
[EventDate "1991.10.??"]
[EventType "swiss"]
[EventRounds "11"]
[EventCountry "CUB"]
[SourceTitle "EXT 1999"]
[Source "ChessBase"]
[SourceDate "1998.11.16"]
[SourceVersion "1"]
[SourceVersionDate "1998.11.16"]
[SourceQuality "1"]

1. e4 e5 2. Nf3 Nf6 3. d4 Nxe4 4. Bd3 d5 5. Nxe5 Be7 6. 0-0 0-0 7. c4 c6 8. Nc3 Nxc3 9. bxc3 Nd7 10. Nxd7 Qxd7 11. a4 dxc4 12. Bxc4 Bd6 13. Re1 Rb8 14. a5 Qg4 15. Qb3 Qh5 16. g3 Bh3 17. Ba3 Qf3 18. Bf1 Bxf1 19. Rxf1 Bxa3 20. Qxa3 h5 21. Rae1 Rfe8 22. h4 Qd5 23. a6 Re6 24. Rxe6 Qxe6 25. Qc5 bxa6 26. Qxa7 Rb3 27. Qxa6 Rxc3 28. Qa8+ Kh7 29. Qa5 Rb3 30. Qxh5+ Kg8 31. Ra1 Rb8 32. Qe5 Qc8 33. Rc1 Qb7 34. Rxc6 Qb1+ 35. Kg2 Ra8 36. Qd5 Re8 37. Rc3 Qb6 38. Rf3 Qc7 39. Qc5 Qd7 40. d5 Rc8 41. Qd4 Qd6 42. Rd3 Rc5 43. Qb4 g6 44. Kh2 Kg7 45. Qd4+ Kg8 46. Re3 Rc8 47. h5 Rd8 48. hxg6 Qxg6 49. Re4 Qf5 50. d6 f6 51. Rf4 Qh7+ 52. Kg2 Qb7+ 53. f3 Rc8 1-0